| 000 | 00943nam a2200265 a 4500 | ||
|---|---|---|---|
| 001 | C01268379c-X | ||
| 003 | CO-ViMGA | ||
| 005 | 20230915233128.0 | ||
| 008 | 110201s2008 sp a gr 0001 spa d | ||
| 020 | _a9788415201922 | ||
| 040 |
_aCO-ViMGA _bspa _cCO-ViMGA |
||
| 082 | 0 | 4 |
_a741.5 _bA77a _220 |
| 100 | 1 |
_aArranz, Nacho _93181 |
|
| 245 | 0 | 0 |
_aAprende a dibujar cómic / _cNacho Arranz ; editor Vicente García. |
| 250 | _a1a. ed. | ||
| 260 |
_aPalma de Mallorca : _bDolmen Editorial, _c2008?. |
||
| 300 |
_a143 p. : _bil. ; _c26 cm. |
||
| 490 | 0 | _aAprende a dibujar cómic. Descubre la técnica del cómic de la mano de profesionales ; | |
| 500 | _aAutor tomado de la carátula. | ||
| 650 | 1 | 4 |
_aCaricaturas _x Enseñanza. _93184 |
| 650 | 1 | 4 |
_aTiras cómicas, historietas, etc _x Enseñanza. _93182 |
| 650 | 1 | 4 |
_aTiras cómicas, historietas, etc _x Técnicas. _93183 |
| 700 | 1 |
_aGarcía, Vicente, _eed. _93185 |
|
| 942 |
_2ddc _cBK |
||
| 999 |
_c35443 _d35443 |
||